Normal view MARC view

Entry Personal Name

Number of records used in: 1

001 - CONTROL NUMBER

  • control field: 1033

003 - CONTROL NUMBER IDENTIFIER

  • control field: PK-NaQUE

005 - DATE AND TIME OF LATEST TRANSACTION

  • control field: 20260629131718.0

008 - FIXED-LENGTH DATA ELEMENTS

  • fixed length control field: 260629|| aca||aabn | a|a d

040 ## - CATALOGING SOURCE

  • Original cataloging agency: PK-NaQUE
  • Transcribing agency: PK-NaQUE

100 ## - HEADING--PERSONAL NAME

  • Personal name: Ahmer Hassan
  • Personal name: 21-MCSE-02
  • Personal name: Supervisor - Prof.Dr. Fareed Ahmed Jokhio

670 ## - SOURCE DATA FOUND

  • Source citation: Work cat.: (PK-NaQUE)69090: Ahmer Hassan 21-MCSE-02 Supervisor - Prof.Dr. Fareed Ahmed Jokhio, Predicting Karachi's Climate Patterns A Comparative LSTM and SVM Analysis ( Thesis MS), 2025